[Event "Schachbundesliga 2013/2014"]
[Site "?"]
[Date "2014.04.06"]
[Round "15.4"]
[White "Baramidze, David"]
[Black "Postny, Evgeny"]
[Result "1-0"]
[WhiteElo "2613"]
[BlackElo "2631"]
[PlyCount "171"]
[EventDate "2014.??.??"]
[WhiteClock "0:05:15"]
[BlackClock "0:17:03"]

1. e4 e5 2. Nf3 Nc6 3. Bb5 a6 4. Ba4 Nf6 5. O-O Be7 6. Re1 b5 7. Bb3 d6 8. c3
O-O 9. h3 Be6 10. d4 Bxb3 11. Qxb3 Qd7 12. Nbd2 Rfe8 13. a4 Rab8 14. axb5 axb5
15. Nf1 b4 16. d5 Nd8 17. Ra7 Qc8 18. cxb4 c6 19. Bg5 cxd5 20. Rc1 Qe6 21. Bxf6
Qxf6 22. exd5 e4 23. N3d2 Qd4 24. Qa4 Kf8 25. Rc4 Qxd5 26. Ra5 Qd3 27. Rxe4 Ne6
28. Qa3 Qc2 29. Rc4 Qd1 30. Qb3 Qxb3 31. Nxb3 d5 32. Rxd5 Bxb4 33. Nc1 Rec8 34.
Rxc8+ Rxc8 35. Nd3 Be7 36. Ne3 Nc5 37. Kf1 Nb3 38. Ke2 Bf6 39. Kd1 g6 40. Ng4
Bg7 41. Nge5 Rc7 42. Nf3 Ke7 43. Rb5 Nd4 44. Nxd4 Bxd4 45. Rd5 Bg7 46. Kd2 Bh6+
47. f4 Ra7 48. Ke3 Ra1 49. Rc5 Kd6 50. Rc1 Ra4 51. g4 f5 52. Rc8 fxg4 53. hxg4
g5 54. Rd8+ Ke7 55. Rh8 gxf4+ 56. Kf3 Kf6 57. Rxh7 Bg5 58. Nc5 Ra1 59. Ne4+ Kg6
60. Nxg5 Kxg5 61. Rh5+ Kg6 62. Kxf4 Ra4+ 63. Kf3 Rb4 64. Rh2 Kg5 65. Rg2 Rb3+
66. Ke4 Rb8 67. Kd5 Rd8+ 68. Kc6 Rb8 69. Kc5 Rc8+ 70. Kb5 Rb8+ 71. Kc6 Kf6 72.
g5+ Kg6 73. Kc5 Rc8+ 74. Kb6 Rb8+ 75. Kc6 Kf7 76. g6+ Kg7 77. Kc5 Rc8+ 78. Kb6
Rb8+ 79. Kc6 Kh8 80. g7+ Kg8 81. Kc5 Rc8+ 82. Kb6 Rb8+ 83. Kc6 Rc8+ 84. Kb7 Rc4
85. Kb6 Rh4 86. Ka5 1-0

[Event "Schachbundesliga 2013/2014"]
[Site "?"]
[Date "2014.04.06"]
[Round "15.5"]
[White "Acs, Peter"]
[Black "Saric, Ivan"]
[Result "1/2-1/2"]
[WhiteElo "2570"]
[BlackElo "2628"]
[PlyCount "57"]
[EventDate "2014.??.??"]
[WhiteClock "0:48:28"]
[BlackClock "0:20:55"]

1. e4 c5 2. c3 Nf6 3. e5 Nd5 4. d4 cxd4 5. Nf3 Nc6 6. cxd4 d6 7. Bc4 Nb6 8. Bb5
Bd7 9. exd6 e6 10. O-O Bxd6 11. Nc3 Nb4 12. Bg5 f6 13. Bd2 O-O 14. Qb3 N4d5 15.
Ne4 Bxb5 16. Qxb5 Rc8 17. Rac1 Rxc1 18. Rxc1 Bf4 19. Re1 Bxd2 20. Nexd2 Qc8 21.
Ne4 Qc4 22. Qxc4 Nxc4 23. b3 Na5 24. Nd6 Rd8 25. Rxe6 Nc7 26. Re7 Nd5 27. Re6
Nc7 28. Re7 Nd5 29. Re6 1/2-1/2

[Event "Schachbundesliga 2013/2014"]
[Site "?"]
[Date "2014.04.06"]
[Round "15.6"]
[White "Wagner, Dennis"]
[Black "Braun, Arik"]
[Result "1-0"]
[WhiteElo "2481"]
[BlackElo "2564"]
[PlyCount "57"]
[EventDate "2014.??.??"]
[WhiteClock "0:14:19"]
[BlackClock "0:10:07"]

1. c4 c6 2. Nf3 d5 3. e3 Nf6 4. Nc3 a6 5. d4 b5 6. b3 Bg4 7. Be2 e6 8. h3 Bh5
9. g4 Bg6 10. Ne5 Nfd7 11. Nxg6 hxg6 12. Qc2 Ra7 13. Kf1 f5 14. Kg2 Nf6 15. f3
Rf7 16. Bd2 Bd6 17. Rag1 O-O 18. g5 Ne4 19. f4 Nxd2 20. Qxd2 Bb4 21. h4 dxc4
22. h5 Rb7 23. hxg6 Re8 24. bxc4 Kf8 25. Nd5 exd5 26. Qxb4+ Kg8 27. Rh7 Rxe3
28. Rgh1 Rxe2+ 29. Kf1 1-0

[Event "Schachbundesliga 2013/2014"]
[Site "?"]
[Date "2014.04.06"]
[Round "15.7"]
[White "Medvegy, Zoltan"]
[Black "Banusz, Tamas"]
[Result "1/2-1/2"]
[WhiteElo "2536"]
[BlackElo "2596"]
[PlyCount "116"]
[EventDate "2014.??.??"]
[WhiteClock "0:36:16"]
[BlackClock "0:41:35"]

1. Nf3 Nf6 2. c4 c5 3. Nc3 Nc6 4. e4 e5 5. d3 d6 6. Be2 Be7 7. O-O O-O 8. Nd5
Nxd5 9. cxd5 Nb8 10. Nd2 Bg5 11. Nc4 Bxc1 12. Qxc1 b5 13. Ne3 Nd7 14. Bg4 Nb6
15. Bxc8 Rxc8 16. b3 a6 17. a4 Qc7 18. Qd2 b4 19. g3 a5 20. Kh1 Qd7 21. f4 exf4
22. Rxf4 f5 23. Rxf5 Rxf5 24. Nxf5 Nxd5 25. Qg5 Nf6 26. Rf1 Rf8 27. Qf4 Rd8 28.
Nxg7 Qxg7 29. Qxf6 Qxf6 30. Rxf6 d5 31. Rc6 dxe4 32. dxe4 Re8 33. Kg2 Rxe4 34.
Kf3 Re1 35. Rxc5 Rb1 36. Rxa5 Rxb3+ 37. Ke4 Rb2 38. Rb5 b3 39. Kd3 Rxh2 40. Kc3
Rg2 41. Rg5+ Kf7 42. Kxb3 Kf6 43. Rg8 Kf7 44. Rg4 h5 45. Rf4+ Ke6 46. Rf3 Kd7
47. Rc3 Rh2 48. a5 h4 49. a6 hxg3 50. a7 Rh8 51. Kb4 g2 52. Rg3 Kc6 53. Rxg2
Kb7 54. Rg7+ Ka8 55. Rc7 Rh4+ 56. Kb5 Rh5+ 57. Rc5 Rxc5+ 58. Kxc5 Kxa7 1/2-1/2

[Event "Schachbundesliga 2013/2014"]
[Site "?"]
[Date "2014.04.06"]
[Round "15.8"]
[White "Boguslavskyy, Oleg"]
[Black "Guliyev, Namig"]
[Result "1-0"]
[WhiteElo "2442"]
[BlackElo "2559"]
[PlyCount "109"]
[EventDate "2014.??.??"]
[WhiteClock "0:06:41"]
[BlackClock "0:11:58"]

1. e4 c5 2. Nf3 e6 3. d4 cxd4 4. Nxd4 Nf6 5. Nc3 d6 6. g4 h6 7. h4 Nc6 8. Rg1
h5 9. gxh5 Nxh5 10. Bg5 Nf6 11. Qd2 a6 12. O-O-O Bd7 13. f4 Be7 14. f5 Nxd4 15.
Qxd4 Qa5 16. fxe6 fxe6 17. Bc4 Rc8 18. Bb3 Qe5 19. Qe3 b5 20. Bf4 Qc5 21. Rxg7
Qxe3+ 22. Bxe3 Rxc3 23. bxc3 Nxe4 24. c4 Rxh4 25. cxb5 axb5 26. Rf1 Rh8 27. Rg6
d5 28. Bd4 Ba3+ 29. Bb2 Bxb2+ 30. Kxb2 Ke7 31. Rg7+ Kd6 32. Rff7 Be8 33. Ra7
Rh1 34. Rgb7 Bc6 35. Rb8 Nc5 36. Rd8+ Bd7 37. Ka3 Rh4 38. Rb8 d4 39. Rb6+ Bc6
40. Rb8 e5 41. Rg8 Nb7 42. Rg7 Nd8 43. Rg6+ Kc5 44. Rc7 d3 45. c3 e4 46. Rc8 e3
47. Rxd8 e2 48. Rc8 b4+ 49. cxb4+ Kd4 50. Rgxc6 d2 51. Rd8+ Ke3 52. Re6+ Re4
53. Rxe4+ Kxe4 54. Re8+ Kd3 55. Rxe2 1-0

[Event "Schachbundesliga 2013/2014"]
[Site "?"]
[Date "2014.04.06"]
[Round "15.1"]
[White "Erdos, Viktor"]
[Black "Navara, David"]
[Result "1/2-1/2"]
[WhiteElo "2661"]
[BlackElo "2703"]
[PlyCount "41"]
[EventDate "2014.??.??"]
[WhiteClock "0:59:30"]
[BlackClock "1:21:52"]

1. Nf3 d5 2. g3 Nf6 3. Bg2 c6 4. O-O Bg4 5. h3 Bxf3 6. Bxf3 e5 7. d3 a5 8. Nd2
Bc5 9. e4 O-O 10. Nb3 Bb6 11. a4 Nbd7 12. c3 h6 13. Qc2 Re8 14. Kh2 Nc5 15.
Nxc5 Bxc5 16. Bd2 Qb6 17. Kg2 Rad8 18. Rad1 Rd7 19. Bc1 Red8 20. Rfe1 dxe4 21.
dxe4 1/2-1/2

[Event "Schachbundesliga 2013/2014"]
[Site "?"]
[Date "2014.04.06"]
[Round "15.2"]
[White "Landa, Konstantin"]
[Black "Haslinger, Stewart G"]
[Result "1-0"]
[WhiteElo "2640"]
[BlackElo "2543"]
[PlyCount "79"]
[EventDate "2014.??.??"]
[WhiteClock "0:01:21"]
[BlackClock "0:06:02"]

1. d4 d5 2. c4 e6 3. Nc3 Be7 4. cxd5 exd5 5. Bf4 Nf6 6. e3 Bf5 7. Nge2 O-O 8.
Rc1 Be6 9. Bg3 c6 10. Nf4 Bf5 11. Bd3 Bxd3 12. Nxd3 Nbd7 13. O-O Ne4 14. b4 Rc8
15. Nxe4 dxe4 16. Nc5 Nxc5 17. bxc5 b5 18. cxb6 axb6 19. Qb3 c5 20. Rc4 Qd5 21.
Rfc1 Qe6 22. d5 Qxd5 23. Qxb6 h5 24. h4 Rfe8 25. a4 Ra8 26. a5 Bf8 27. Qb5 Re6
28. Ra1 Qd8 29. Rca4 Rea6 30. Qb7 R8a7 31. Qb8 Qe7 32. Rd1 Ra8 33. Qb5 R8a7 34.
Rd5 g6 35. Re5 Qd8 36. Re8 Rb7 37. Rxf8+ Kxf8 38. Qxb7 Rxa5 39. Rxa5 Qxa5 40.
Qxe4 1-0

[Event "Schachbundesliga 2013/2014"]
[Site "?"]
[Date "2014.04.06"]
[Round "15.3"]
[White "Cioara, Andrei-Nestor"]
[Black "Fridman, Daniel"]
[Result "0-1"]
[WhiteElo "2455"]
[BlackElo "2602"]
[PlyCount "48"]
[EventDate "2014.??.??"]
[WhiteClock "0:43:39"]
[BlackClock "0:05:07"]

1. d4 d5 2. c4 e6 3. Nf3 Nf6 4. g3 Bb4+ 5. Bd2 a5 6. Bg2 O-O 7. Qc2 c5 8. dxc5
d4 9. O-O Nc6 10. e3 e5 11. exd4 e4 12. Ne5 Nxd4 13. Qd1 Bxc5 14. Kh1 Re8 15.
f4 exf3 16. Nxf3 Nxf3 17. Qxf3 Bg4 18. Qf4 Be2 19. Re1 Qd3 20. Nc3 Bd6 21. Qf2
Ng4 22. Qb6 Bf3 23. Bxf3 Qxf3+ 24. Kg1 Bxg3 0-1

[Event "Schachbundesliga 2013/2014"]
[Site "?"]
[Date "2014.04.06"]
[Round "15.4"]
[White "Berelowitsch, Alexander"]
[Black "Galyas, Miklos"]
[Result "1-0"]
[WhiteElo "2540"]
[BlackElo "2435"]
[PlyCount "61"]
[EventDate "2014.??.??"]
[WhiteClock "0:17:13"]
[BlackClock "0:10:42"]

1. e4 e6 2. d4 d5 3. Nd2 Nf6 4. e5 Nfd7 5. Bd3 c5 6. c3 Nc6 7. Ngf3 h6 8. O-O
g5 9. dxc5 Nxc5 10. Bc2 Bg7 11. Re1 Nd7 12. Nf1 g4 13. Nd4 Ndxe5 14. Nxc6 bxc6
15. Bf4 f6 16. Ng3 O-O 17. Nh5 Qe7 18. h3 Bd7 19. hxg4 Qf7 20. f3 Ng6 21. Qd3
f5 22. Bd6 Rfe8 23. gxf5 exf5 24. Nxg7 Qxg7 25. Qd4 Qf7 26. Bd3 Re6 27. Rxe6
Bxe6 28. Re1 Kh7 29. Kf2 Rd8 30. Bc5 Rd7 31. Qe3 1-0

[Event "Schachbundesliga 2013/2014"]
[Site "?"]
[Date "2014.04.06"]
[Round "15.5"]
[White "Seger, Ruediger"]
[Black "Hausrath, Daniel"]
[Result "1/2-1/2"]
[WhiteElo "2374"]
[BlackElo "2532"]
[PlyCount "42"]
[EventDate "2014.??.??"]
[WhiteClock "0:28:22"]
[BlackClock "1:00:48"]

1. e4 c5 2. c3 d5 3. exd5 Qxd5 4. d4 Nc6 5. Nf3 Bf5 6. Be3 Nf6 7. Na3 cxd4 8.
Nb5 Rc8 9. Nbxd4 Nxd4 10. Bxd4 a6 11. Be2 e6 12. O-O Bc5 13. Qa4+ Qc6 14. Qxc6+
Rxc6 15. Rfd1 Ke7 16. c4 Rd8 17. Bxc5+ Rxc5 18. Rxd8 Kxd8 19. Rd1+ Ke7 20. Nd4
Be4 21. f3 Bg6 1/2-1/2

[Event "Schachbundesliga 2013/2014"]
[Site "?"]
[Date "2014.04.06"]
[Round "15.6"]
[White "Feygin, Michael"]
[Black "Kolbus, Dietmar"]
[Result "1-0"]
[WhiteElo "2512"]
[BlackElo "2302"]
[PlyCount "163"]
[EventDate "2014.??.??"]
[WhiteClock "0:02:15"]
[BlackClock "0:04:33"]

1. e4 c6 2. d4 d5 3. e5 Bf5 4. Nf3 e6 5. Be2 Nd7 6. O-O Ne7 7. Nbd2 h6 8. Nb3
Bh7 9. a4 a5 10. Bd2 Nc8 11. c4 dxc4 12. Bxc4 Ne7 13. Rc1 Nd5 14. Bxd5 exd5 15.
Qe1 Bd3 16. e6 fxe6 17. Qxe6+ Qe7 18. Rfe1 Qxe6 19. Rxe6+ Kf7 20. Re3 Ba6 21.
Nxa5 Be7 22. b4 Rhc8 23. Nb3 Bc4 24. a5 Bf8 25. Nc5 Bxc5 26. dxc5 Re8 27. Bc3
Rxe3 28. fxe3 Re8 29. Kf2 g5 30. h3 Kg6 31. Bd4 Bd3 32. Rc3 Bb5 33. Rb3 Bc4 34.
Rb2 Rf8 35. Kg3 Bd3 36. Rb3 Bc4 37. Rb2 Bd3 38. Rf2 Re8 39. Ng1 Rf8 40. Nf3 Re8
41. Ng1 Rf8 42. Ne2 Rxf2 43. Kxf2 h5 44. g4 hxg4 45. hxg4 Nb8 46. Bc3 Na6 47.
Nd4 Nc7 48. Nf3 Ba6 49. Ne5+ Kh7 50. Nf7 Ne6 51. Kf3 Kg6 52. Ne5+ Kh7 53. Nf7
Kg6 54. Nd6 Nc7 55. Bb2 Nb5 56. Nf5 Kf7 57. e4 Nc7 58. Be5 dxe4+ 59. Kxe4 Ne6
60. Bc3 Nc7 61. Ke5 Kg6 62. Bd2 Nd5 63. Nd6 Nf6 64. Ke6 Nxg4 65. Ne4 Bc4+ 66.
Kd6 Nf6 67. Nxg5 Kf5 68. Kc7 Ba6 69. Nf7 Nd5+ 70. Kb8 Ke4 71. Nd6+ Kd3 72. Be1
Ke2 73. Bh4 Nxb4 74. Nxb7 Kd3 75. Ka7 Bc4 76. Nd6 Kd4 77. Bf2+ Kd5 78. Nxc4
Kxc4 79. Kb6 Nd5+ 80. Kb7 Nb4 81. a6 Nxa6 82. Kxa6 1-0

[Event "Schachbundesliga 2013/2014"]
[Site "?"]
[Date "2014.04.06"]
[Round "15.7"]
[White "Dany, Alexander"]
[Black "Levin, Felix"]
[Result "0-1"]
[WhiteElo "2110"]
[BlackElo "2480"]
[PlyCount "134"]
[EventDate "2014.??.??"]
[WhiteClock "0:07:49"]
[BlackClock "1:13:27"]

1. d4 d5 2. c4 dxc4 3. Nf3 c6 4. e3 Be6 5. a4 Nf6 6. Na3 c5 7. Bxc4 Bxc4 8.
Nxc4 Nc6 9. O-O e6 10. Qb3 Qc7 11. Nce5 cxd4 12. Nxc6 bxc6 13. exd4 Bd6 14. Re1
O-O 15. Bg5 Nd5 16. Rac1 Rab8 17. Qc2 h6 18. Bh4 Rfc8 19. Bg3 Bxg3 20. hxg3 Rb4
21. b3 Qb6 22. Rb1 c5 23. Rec1 c4 24. bxc4 Rcxc4 25. Qd3 Qc7 26. Rxc4 Qxc4 27.
Qxc4 Rxc4 28. Rb8+ Kh7 29. Rb7 Rxa4 30. Rxf7 Ra1+ 31. Kh2 a5 32. Ra7 a4 33. Nd2
Nc3 34. Nc4 Nb5 35. Ra6 a3 36. Nxa3 Rxa3 37. Rxe6 Nxd4 38. Re4 Rd3 39. g4 g5
40. Re7+ Kg6 41. Rb7 Rd2 42. Rb6+ Kg7 43. Kg3 Re2 44. Rb7+ Kf6 45. Rb6+ Ne6 46.
Kf3 Rc2 47. g3 Ke5 48. Ke3 Rc3+ 49. Kd2 Rf3 50. Ke2 Nd4+ 51. Ke1 Ne6 52. Ke2
Rc3 53. Kd2 Ra3 54. Ke2 Ra4 55. Kf3 Rc4 56. Ra6 Rc6 57. Ra5+ Kf6 58. Ke3 Rc4
59. Kf3 Nd8 60. Ra6+ Kg7 61. Ra7+ Nf7 62. Rb7 Ra4 63. Rc7 Kf6 64. Rc6+ Ke7 65.
Rb6 Ne5+ 66. Kg2 Nxg4 67. f4 Nf6 0-1

[Event "Schachbundesliga 2013/2014"]
[Site "?"]
[Date "2014.04.06"]
[Round "15.8"]
[White "Saltaev, Mihail"]
[Black "Yankelevich, Lev"]
[Result "1-0"]
[WhiteElo "2480"]
[BlackElo "2197"]
[PlyCount "83"]
[EventDate "2014.??.??"]
[WhiteClock "0:02:12"]
[BlackClock "0:03:04"]

1. e4 c5 2. Nf3 d6 3. d4 cxd4 4. Nxd4 Nf6 5. Nc3 Nc6 6. g3 Nxd4 7. Qxd4 g6 8.
e5 dxe5 9. Qxe5 Bg7 10. Bg2 O-O 11. O-O Bf5 12. Qe2 e5 13. Bg5 Rc8 14. Nd5 Rxc2
15. Qb5 Qd6 16. Qxb7 Nxd5 17. Bxd5 Rc7 18. Qb3 Bc2 19. Qf3 Rc5 20. Be4 Bxe4 21.
Qxe4 Rfc8 22. Rad1 Qe6 23. b3 h6 24. Be3 R5c7 25. Rd2 Kh7 26. Rfd1 f5 27. Qd5
Qf6 28. b4 Bf8 29. Qb5 Bg7 30. Rd6 Qf7 31. Rd7 Qe8 32. Qd5 a6 33. Bc5 Rxd7 34.
Qxd7 Qg8 35. Rd5 h5 36. a4 Rc7 37. Qxc7 Qxd5 38. Bf8 Kh6 39. Qxg7+ Kg5 40. Be7+
Kg4 41. Qxg6+ Kf3 42. Qxh5+ 1-0

[Event "Schachbundesliga 2013/2014"]
[Site "?"]
[Date "2014.04.06"]
[Round "15.1"]
[White "Ragger, Markus"]
[Black "Rustemov, Alexander"]
[Result "1-0"]
[WhiteElo "2668"]
[BlackElo "2538"]
[PlyCount "157"]
[EventDate "2014.??.??"]
[WhiteClock "0:24:39"]
[BlackClock "0:07:49"]

1. d4 d5 2. c4 e6 3. Nc3 Be7 4. Nf3 Nf6 5. Bf4 O-O 6. e3 Nbd7 7. c5 Nh5 8. Bd3
c6 9. O-O Nxf4 10. exf4 b6 11. b4 Qc7 12. g3 a5 13. a3 Ba6 14. Bxa6 Rxa6 15.
Qe2 Rfa8 16. b5 cxb5 17. Nxd5 exd5 18. Qxe7 R6a7 19. Rfb1 bxc5 20. Rxb5 cxd4
21. Nxd4 Nf6 22. Qe5 h6 23. Nf5 Kh7 24. Rxd5 Qxe5 25. Rxe5 a4 26. Rd1 Rb8 27.
Rd4 Rb2 28. h3 Ra2 29. Re3 g6 30. Nd6 h5 31. Kg2 Kg7 32. Red3 Kf8 33. Nc4 Rb7
34. Rd2 Ra1 35. Nd6 Ra7 36. R4d3 Rc7 37. Rb2 Kg7 38. Rb4 Ra7 39. Kf3 Ra2 40. g4
hxg4+ 41. hxg4 Re7 42. g5 Ne8 43. Ne4 f5 44. Nd2 Nc7 45. Rxa4 Ne6 46. Rc4 Ra7
47. Rcc3 Kh7 48. Nf1 Ng7 49. Ne3 Nh5 50. Nd5 Kg7 51. Rc7+ Rxc7 52. Nxc7 Kf7 53.
Nb5 Ke7 54. Nd4 Kf8 55. Nc6 Kg7 56. Ne5 Kh7 57. Rd7+ Kg8 58. Ra7 Rb2 59. Nxg6
Rb3+ 60. Kg2 Rc3 61. a4 Ra3 62. a5 Ra4 63. Kh3 Ra1 64. a6 Rh1+ 65. Kg2 Ra1 66.
Ne7+ Kf8 67. Nxf5 Ra3 68. Ne3 Nxf4+ 69. Kf3 Nd3 70. Kg3 Ne5 71. Kf4 Nc6 72.
Ra8+ Kf7 73. Kg4 Kg6 74. f4 Ra4 75. Nd5 Ne5+ 76. Kg3 Ra3+ 77. Kf2 Nd3+ 78. Ke2
Nc1+ 79. Kd1 1-0

[Event "Schachbundesliga 2013/2014"]
[Site "?"]
[Date "2014.04.06"]
[Round "15.2"]
[White "Appel, Ralf"]
[Black "L'Ami, Erwin"]
[Result "1/2-1/2"]
[WhiteElo "2535"]
[BlackElo "2629"]
[PlyCount "111"]
[EventDate "2014.??.??"]
[WhiteClock "0:19:17"]
[BlackClock "0:03:13"]

1. d4 Nf6 2. Nf3 e6 3. Bf4 b6 4. e3 Bb7 5. Bd3 Bd6 6. Bg3 Bxg3 7. hxg3 c5 8.
Nbd2 Nc6 9. c3 Qc7 10. dxc5 bxc5 11. Qa4 Ne5 12. Nxe5 Qxe5 13. e4 Qc7 14. O-O-O
Ng4 15. Rdf1 Bc6 16. Qa3 d6 17. f4 Rb8 18. Rh4 Nf6 19. g4 g5 20. fxg5 Nd7 21.
g6 fxg6 22. Nc4 Bb5 23. g5 Ke7 24. Rfh1 d5 25. exd5 exd5 26. Ne3 Bc6 27. c4 d4
28. Rxd4 Qe5 29. Re1 Kf7 30. Rg4 Rhe8 31. Re2 Qd6 32. Nd5 Rxe2 33. Bxe2 Qe5 34.
Bd1 a5 35. g3 Nf8 36. Rf4+ Kg7 37. Qc3 Qxc3+ 38. Nxc3 Ne6 39. Rf6 Bd7 40. Nd5
Rb7 41. Nf4 Nxf4 42. gxf4 h5 43. Bf3 Rc7 44. Be4 Be8 45. Kd2 Re7 46. Bd5 h4 47.
f5 gxf5 48. Rh6 h3 49. b3 f4 50. Rxh3 Kg6 51. Rh8 Kxg5 52. Rg8+ Kf6 53. Rf8+
Kg5 54. Rg8+ Kf6 55. Rf8+ Kg5 56. Rg8+ 1/2-1/2

[Event "Schachbundesliga 2013/2014"]
[Site "?"]
[Date "2014.04.06"]
[Round "15.4"]
[White "Hirneise, Tobias"]
[Black "Naumann, Alexander"]
[Result "0-1"]
[WhiteElo "2440"]
[BlackElo "2540"]
[PlyCount "116"]
[EventDate "2014.??.??"]
[WhiteClock "0:42:10"]
[BlackClock "0:23:18"]

1. d4 d5 2. c4 c6 3. Nf3 Nf6 4. Nc3 dxc4 5. a4 Bf5 6. Ne5 Nbd7 7. Nxc4 Qc7 8.
g3 e5 9. dxe5 Nxe5 10. Bf4 Nfd7 11. Bg2 f6 12. O-O g5 13. Bxe5 Nxe5 14. Qd4 Qd8
15. Qe3 Qe7 16. Nxe5 Qxe5 17. Qxe5+ fxe5 18. Ne4 Be7 19. f4 gxf4 20. gxf4 exf4
21. Rxf4 O-O 22. Rd1 Be6 23. Rxf8+ Rxf8 24. Rd3 Rf4 25. b3 Bf5 26. Re3 Kf8 27.
Kh1 h5 28. Ng3 Bg6 29. Be4 Bf7 30. Bc2 h4 31. Ne4 Rf1+ 32. Kg2 Rc1 33. Bd3 Bxb3
34. Rf3+ Kg7 35. a5 Bd5 36. Rf5 Ra1 37. Kf2 Rxa5 38. Nc3 Bf6 39. Nxd5 Rxd5 40.
Rxd5 cxd5 41. Bf5 Be5 42. h3 Kf6 43. Bc8 b6 44. Ke3 Ke7 45. Kd3 Kd6 46. e4 d4
47. Kc4 a5 48. Ba6 Bf6 49. Bb5 Ke5 50. Kd3 Kf4 51. Bc6 Kg3 52. Bd7 a4 53. Bxa4
Kxh3 54. Ke2 Kg3 55. e5 Bxe5 56. Bc6 h3 57. Bd5 h2 58. Bc6 b5 0-1

[Event "Schachbundesliga 2013/2014"]
[Site "?"]
[Date "2014.04.06"]
[Round "15.5"]
[White "Andersen, Mads"]
[Black "Mladenov, Svetlin"]
[Result "1-0"]
[WhiteElo "2476"]
[BlackElo "2453"]
[PlyCount "57"]
[EventDate "2014.??.??"]
[WhiteClock "0:42:27"]
[BlackClock "0:20:57"]

1. d4 Nf6 2. c4 c5 3. d5 e6 4. Nc3 exd5 5. cxd5 d6 6. Nf3 g6 7. Bf4 a6 8. a4
Bg7 9. h3 O-O 10. e3 Re8 11. Nd2 Nbd7 12. Be2 Ne5 13. Bh2 Qe7 14. O-O Nfd7 15.
f4 Nd3 16. Bxd3 Qxe3+ 17. Kh1 Qxd3 18. Nde4 Qxd1 19. Raxd1 Nb6 20. Nxd6 Rd8 21.
f5 gxf5 22. a5 Bf8 23. Nxc8 Nxc8 24. Rxf5 Bd6 25. Ne4 Bxh2 26. Kxh2 c4 27. d6
b5 28. Rg5+ Kf8 29. Nf6 1-0

[Event "Schachbundesliga 2013/2014"]
[Site "?"]
[Date "2014.04.06"]
[Round "15.6"]
[White "Dinstuhl, Volkmar"]
[Black "Hoffmann, Michael"]
[Result "1-0"]
[WhiteElo "2401"]
[BlackElo "2462"]
[PlyCount "63"]
[EventDate "2014.??.??"]
[WhiteClock "0:05:14"]
[BlackClock "0:00:54"]

1. Nf3 g6 2. e4 c5 3. c4 Bg7 4. d4 Qb6 5. Nc3 cxd4 6. Nd5 Qa5+ 7. b4 Qd8 8.
Nxd4 Nf6 9. Nxf6+ Bxf6 10. Rb1 a5 11. a3 axb4 12. axb4 Nc6 13. Nb5 d6 14. Be2
Na7 15. Nxa7 Rxa7 16. O-O Bg7 17. Bh6 Bf6 18. c5 dxc5 19. Qc2 Bd7 20. e5 Bxe5
21. Qxc5 Qb8 22. Rfd1 b6 23. Qd5 e6 24. Qd2 Ke7 25. b5 Bxh2+ 26. Kh1 Bd6 27.
Bg7 Rg8 28. Qh6 Rxg7 29. Qxg7 Bc5 30. Rb3 Be8 31. Rf3 Ra2 32. Bc4 1-0

[Event "Schachbundesliga 2013/2014"]
[Site "?"]
[Date "2014.04.06"]
[Round "15.7"]
[White "Wegerle, Joerg"]
[Black "Straeter, Timo"]
[Result "1/2-1/2"]
[WhiteElo "2438"]
[BlackElo "2350"]
[PlyCount "68"]
[EventDate "2014.??.??"]
[WhiteClock "0:09:01"]
[BlackClock "0:02:44"]

1. e4 e5 2. Nf3 Nc6 3. Bb5 a6 4. Bxc6 dxc6 5. O-O Bg4 6. h3 Bh5 7. d3 Bd6 8.
Be3 Ne7 9. Nbd2 O-O 10. g4 Bg6 11. Nh4 f6 12. Qf3 Bf7 13. Kh1 Be6 14. Nf5 Kh8
15. Qg3 c5 16. Nc4 Nxf5 17. gxf5 Bxc4 18. dxc4 Qe8 19. Qg4 b5 20. Rg1 Rf7 21.
Qe2 Rb8 22. c3 Rf8 23. b3 Qf7 24. Rab1 Rg8 25. cxb5 axb5 26. Rg3 c4 27. bxc4
Qxc4 28. Qxc4 bxc4 29. Rgg1 Ra8 30. Rb2 g6 31. fxg6 hxg6 32. Ra1 Ra3 33. Rc2
Rb8 34. Kg2 Kg7 1/2-1/2

[Event "Schachbundesliga 2013/2014"]
[Site "?"]
[Date "2014.04.06"]
[Round "15.8"]
[White "Thiel, Thomas"]
[Black "Hobusch, Jan"]
[Result "0-1"]
[WhiteElo "2296"]
[BlackElo "2117"]
[PlyCount "110"]
[EventDate "2014.??.??"]
[WhiteClock "0:11:00"]
[BlackClock "0:00:57"]

1. e4 c6 2. c4 d5 3. exd5 cxd5 4. cxd5 Nf6 5. Nc3 Nxd5 6. Nf3 e6 7. d4 Bb4 8.
Qc2 Nc6 9. Bd3 h6 10. O-O O-O 11. Rd1 Nce7 12. Ne5 Bd7 13. a3 Bd6 14. Qe2 Rc8
15. Bd2 Bc6 16. Rac1 Nf6 17. Bb1 Ned5 18. Ne4 Nxe4 19. Nxc6 Bxh2+ 20. Kh1 Qh4
21. Qxe4 Bf4+ 22. Kg1 Qh2+ 23. Kf1 f5 24. Ne7+ Kh7 25. Rxc8 fxe4 26. Bxe4+ g6
27. Rxf8 Kg7 28. Nxd5 Bxd2 29. Rd8 exd5 30. Bxd5 Ba5 31. Rd7+ Kf6 32. Bf3 Qf4
33. Rxb7 Bb6 34. Rd7 Qf5 35. Rd6+ Ke7 36. Rd5 Qc8 37. a4 Qc4+ 38. Kg1 Qxa4 39.
Re5+ Kf6 40. g3 Qb4 41. Kg2 Qxb2 42. Re2 Qb4 43. d5 Bc5 44. Re6+ Kf7 45. Rc6
Bd6 46. Ra6 h5 47. Rxa7+ Kf6 48. Ra6 Kf5 49. Rc1 Bxg3 50. Rcc6 Bh4 51. d6 Qd2
52. Rc5+ Kf6 53. d7+ Kg7 54. Rxg6+ Kxg6 55. Be4+ Kh6 0-1

[Event "Schachbundesliga 2013/2014"]
[Site "?"]
[Date "2014.04.06"]
[Round "15.1"]
[White "Ernst, Sipke"]
[Black "Piorun, Kacper"]
[Result "1/2-1/2"]
[WhiteElo "2573"]
[BlackElo "2551"]
[PlyCount "83"]
[EventDate "2014.??.??"]
[WhiteClock "0:00:34"]
[BlackClock "0:47:34"]

1. d4 Nf6 2. Bg5 Ne4 3. Bf4 d5 4. e3 c5 5. Bd3 Nf6 6. c3 Nc6 7. Nd2 Qb6 8. Rb1
Bg4 9. Ngf3 e6 10. h3 Bh5 11. Qa4 Nd7 12. Ne5 Ndxe5 13. Bxe5 Bg6 14. Bxg6 hxg6
15. O-O a6 16. Bg3 Be7 17. dxc5 Qxc5 18. e4 b5 19. Qc2 O-O 20. Rbc1 Rac8 21.
Rfd1 Rfd8 22. Nb3 Qc4 23. exd5 Nb4 24. Qb1 Nxd5 25. Rd4 Qc6 26. Qe4 a5 27. Nxa5
Qa6 28. Nb3 Qxa2 29. Qc2 Nb4 30. Rxd8+ Bxd8 31. Qd1 Nd5 32. Qc2 Nb4 33. Qd1 Nd5
34. Qc2 Qa4 35. Nd4 Qc4 36. Be5 Bg5 37. Rd1 b4 38. Nxe6 Ne3 39. fxe3 Qxe6 40.
Bf4 Bxf4 41. exf4 bxc3 42. bxc3 1/2-1/2

[Event "Schachbundesliga 2013/2014"]
[Site "?"]
[Date "2014.04.06"]
[Round "15.2"]
[White "Tazbir, Marcin"]
[Black "Ghaem Maghami, Ehsan"]
[Result "1/2-1/2"]
[WhiteElo "2544"]
[BlackElo "2556"]
[PlyCount "43"]
[EventDate "2014.??.??"]
[WhiteClock "0:18:16"]
[BlackClock "0:08:55"]

1. c4 c5 2. Nc3 g6 3. g3 Bg7 4. Bg2 Nc6 5. Nh3 e6 6. Nf4 Nge7 7. O-O b6 8. a3
Bb7 9. b4 d6 10. Rb1 O-O 11. Bb2 Qd7 12. d3 Rad8 13. Ne4 Bxb2 14. Rxb2 f5 15.
Nc3 g5 16. Nh3 h6 17. e4 Kg7 18. Kh1 Nd4 19. Ne2 fxe4 20. Nxd4 cxd4 21. dxe4 e5
22. f4 1/2-1/2

[Event "Schachbundesliga 2013/2014"]
[Site "?"]
[Date "2014.04.06"]
[Round "15.3"]
[White "Svane, Rasmus"]
[Black "Bulski, Krzysztof"]
[Result "1-0"]
[WhiteElo "2458"]
[BlackElo "2534"]
[PlyCount "165"]
[EventDate "2014.??.??"]
[WhiteClock "0:02:42"]
[BlackClock "0:17:42"]

1. c4 e5 2. g3 Nf6 3. Bg2 d5 4. cxd5 Nxd5 5. Nf3 Nc6 6. O-O Nb6 7. b3 g6 8. Nc3
Bg7 9. Ba3 Ne7 10. Rc1 O-O 11. d4 exd4 12. Nb5 Nbd5 13. Nbxd4 a5 14. Qc2 Nb4
15. Qxc7 Qxc7 16. Rxc7 Ned5 17. Rc5 Rd8 18. Rd1 Bf8 19. Rc4 Nb6 20. Bxb4 Bxb4
21. Rcc1 Ba3 22. Rc7 Bd6 23. Rc2 Bf8 24. e3 a4 25. Ne5 axb3 26. axb3 Bg7 27.
Nc4 Nxc4 28. Rxc4 Bf8 29. Rdc1 Rb8 30. h3 Bd7 31. Rc7 Bd6 32. Rxb7 Rxb7 33.
Bxb7 Bxh3 34. Nc6 Re8 35. b4 h5 36. Rc4 Be6 37. Rd4 Bc7 38. b5 Bb6 39. Ra4 Bd7
40. Rb4 Kf8 41. Rb2 Bxc6 42. Bxc6 Rd8 43. Kg2 Ke7 44. Kf3 Ke6 45. Ra2 Ke5 46.
Ra6 Rb8 47. Ra4 Kd6 48. Ke4 Rh8 49. Ra6 Rb8 50. Ra2 Rd8 51. Rd2+ Ke7 52. Rxd8
Bxd8 53. Kd5 Bb6 54. Bb7 Kd7 55. Ke5 Bd8 56. Be4 Ke7 57. Kd5 Kd7 58. Kc5 Ba5
59. Bc6+ Kc7 60. Be8 Be1 61. f4 Bxg3 62. Bxf7 Bf2 63. Kd4 Kb6 64. Bxg6 Kxb5 65.
Bxh5 Kc6 66. Ke4 Kd6 67. Kf3 Bg1 68. e4 Bd4 69. Kg4 Ke6 70. Kg5 Bh8 71. Bd1 Kd6
72. Kf5 Bg7 73. Bb3 Bh6 74. Ba2 Ke7 75. e5 Kf8 76. Bb3 Ke8 77. Kg4 Ke7 78. Bc4
Kf8 79. f5 Bd2 80. f6 Ke8 81. Kf5 Kf8 82. e6 Bb4 83. Be2 1-0

[Event "Schachbundesliga 2013/2014"]
[Site "?"]
[Date "2014.04.06"]
[Round "15.4"]
[White "Grabarczyk, Miroslaw"]
[Black "Rogozenco, Dorian"]
[Result "1/2-1/2"]
[WhiteElo "2465"]
[BlackElo "2516"]
[PlyCount "41"]
[EventDate "2014.??.??"]
[WhiteClock "0:58:21"]
[BlackClock "0:18:13"]

1. d4 d6 2. Nf3 g6 3. g3 Bg7 4. Bg2 Nd7 5. c4 e5 6. Nc3 Ne7 7. O-O O-O 8. e4
exd4 9. Nxd4 Nc6 10. Nde2 a5 11. b3 a4 12. Rb1 axb3 13. axb3 Nc5 14. b4 Ne6 15.
Nd5 Ncd4 16. Nxd4 Bxd4 17. Bb2 Bxb2 18. Rxb2 c6 19. Ne3 Qe7 20. Rd2 Ng5 21. Rd4
1/2-1/2